Loading...

Developing countries as exporters of technology : a first look at the Indian experience /

Bibliographic Details
Main Author: Lall, Sanjaya
Format: Printed Book
Published: London : Macmillan, 1982.
Subjects:
LEADER 00664cam a2200181 a 4500
020 |a 0333288440 : 
082 0 0 |a 382.456  |b LAL.D 
100 1 |a Lall, Sanjaya. 
245 1 0 |a Developing countries as exporters of technology :  |b a first look at the Indian experience /  |c Sanjaya Lall. 
260 |a London :  |b Macmillan,  |c 1982. 
300 |a viii, 134 p. ; 
500 |a Includes indexes. 
504 |a Bibliography: p. 126-130. 
650 0 |a Technology transfer  |z India. 
650 0 |a Technology  |z India. 
942 |c BK 
999 |c 315502  |d 315502 
952 |0 0  |1 0  |4 0  |6 382_456000000000000_LAL_D  |7 0  |9 337437  |a EDU  |b EDU  |c GEN  |d 2020-12-01  |l 0  |o 382.456 LAL.D  |p EDU13915  |r 2020-12-01  |w 2020-12-01  |y BK